| 000 | 00636nam a2200193 i 4500 | ||
|---|---|---|---|
| 001 | 188909 | ||
| 003 | ES-MaACL | ||
| 005 | 20251015063158.0 | ||
| 008 | 190226s1967 sp |||| | cat d | ||
| 100 | 1 |
_aMcCoy, Horace, _d1897-1955 _9166462 |
|
| 245 | 1 | 0 |
_aOi que maten els cavalls? / _cHorace McCoy ; [traducció de Marta Martin]. |
| 260 |
_aBarcelona : _bEdiciones 62, _c[1967] |
||
| 300 |
_a94 p. ; _c18 cm. |
||
| 490 | 1 |
_aCol·lecció "La Cua de Palla" ; _v57 |
|
| 700 | 1 |
_aMartín, Marta. _9166463 |
|
| 830 | 0 |
_aCol·lecció "La Cua de Palla" ; _v57 _9193174 |
|
| 856 |
_aBA _jP-507-Bis-31 |
||
| 999 |
_c188909 _d188909 |
||